00276 a2200109 4500001000700000020000600007040001100013100002400024240005700048245005200105362000900157169468 a  cMagnum aBarbier, Jean-Marie10aElaboracao de projectos de accao e planificacaolpor10aElaboracao de projectos de accao e planificacao0 a1899